Statistics for Brazilian Football Cup Winners

Click here to take the quiz!

General Stats

  • This quiz has been taken 49 times
    (17 since last reset)
  • The average score is 22 of 31

Answer Stats

Year State Team % Correct
2006RJFlamengo
88%
1990RJFlamengo
88%
2013RJFlamengo
88%
2010SPSantos
88%
1994RSGrêmio
81%
1995SPCorinthians
81%
1996MGCruzeiro
81%
1997RSGrêmio
81%
2000MGCruzeiro
81%
2001RSGrêmio
81%
2002SPCorinthians
81%
2003MGCruzeiro
81%
2018MGCruzeiro
81%
1989RSGrêmio
81%
2016RSGrêmio
81%
2009SPCorinthians
81%
2017MGCruzeiro
81%
1993MGCruzeiro
81%
2012SPPalmeiras
75%
1998SPPalmeiras
75%
2015SPPalmeiras
75%
2011RJVasco da Gama
69%
2014MGAtlético Mineiro
69%
2007RJFluminense
63%
1992RSInternacional
50%
2008PESport Recife
44%
1991SCCriciúma
44%
2004SPSanto André
38%
1999RSJuventude
38%
2005SPPaulista
38%
2019PRAthlético Paranaense
25%

Score Distribution

Percentile by Number Answered

Percent of People with Each Score

Your Score History

You have not taken this quiz since the last reset